000 00517nam a2200193Ia 4500
003 OSt
005 20241129095947.0
008 210716s1995 xx 000 0 und d
020 _a0373256329
040 _cAIMIT LIBRARY
041 _aeng
082 _a808.83
_21
_bELLY
100 _aEllis, Lyn.
_9187173
245 _aIn praise of younger men /
_cBy Lyn Ellis.
250 _a1st ed.
260 _aNew York :
_bHarlequin Books ;
_c1995.
300 _a217p. ;
_bPB
_c17cm.
942 _2ddc
_cBK
_e1st ed.
_k808.83 ELLY
999 _c200366
_d200366